[Event "Superettan(Schack 08-Kristineberg)"]
[Site "?"]
[Date "2025.03.09"]
[Round "9"]
[White "Lofgren, Vide"]
[Black "Rorlien, Marcus"]
[Result "1-0"]
[WhiteElo "1928"]
[BlackElo "1837"]
[PlyCount "77"]
[SourceVersionDate "2025.04.04"]

1. d4 Nf6 2. Bg5 Ne4 3. Bf4 c6 4. f3 Qa5+ 5. c3 g5 6. Bxb8 Nxc3 7. Nxc3 Rxb8 8. e4 b5 9. Qd2 b4 10. Nd1 h5 11. Bd3 Bh6 12. Ne2 c5 13. dxc5 Qxc5 14. Rc1 Qb6 15. Ne3 g4 16. f4 e5 17. Nd5 Qd6 18. Qxb4 Qxb4+ 19. Nxb4 exf4 20. Rc2 f3 21. gxf3 gxf3 22. Nd4 Bb7 23. Nf5 Bf4 24. Kf2 Rg8 25. Kxf3 Be5 26. Rd1 Rg4 27. Ke3 f6 28. h3 Rg5 29. Na6 Rd8 30. Nc7+ Kf7 31. Bc4+ Kg6 32. Ne6 dxe6 33. Nh4+ Kh6 34. Rxd8 Rg3+ 35. Nf3 f5 36. Bd3 Rxh3 37. Rd7 fxe4 38. Bxe4 Bxe4 39. Kxe4 1-0

[Event "Superettan(Lulea-Vasteras)"]
[Site "?"]
[Date "2025.03.09"]
[Round "9"]
[White "Marcussen, Arno"]
[Black "Bjorkman, Filip"]
[Result "0-1"]
[WhiteElo "2149"]
[BlackElo "2141"]
[PlyCount "122"]
[SourceVersionDate "2025.04.02"]

1. d4 Nf6 2. Nf3 g6 3. g3 Bg7 4. Bg2 d5 5. c4 c6 6. cxd5 cxd5 7. Nc3 O-O 8. O-O Ne4 9. Qb3 Nc6 10. Be3 Na5 11. Qc2 Bf5 12. Nxe4 Bxe4 13. Qd1 Qb6 14. b3 Nc6 15. Ne5 Bxg2 16. Kxg2 Nxe5 17. dxe5 Qe6 18. Qd2 Bxe5 19. Rac1 Rfd8 20. Rc2 d4 21. Bh6 Rac8 22. Rfc1 Rxc2 23. Qxc2 f6 24. Bd2 Qd5+ 25. Kg1 Kf7 26. Qc4 Qxc4 27. Rxc4 Rd7 28. f4 Bc7 29. e4 Bb6 30. Kf2 Rc7 31. Ke2 Rxc4 32. bxc4 Bc5 33. Kd3 e5 34. f5 h5 35. h3 Kg7 36. a4 Kh7 37. g4 hxg4 38. hxg4 g5 39. Be1 Kg7 40. Bd2 Kf7 41. Kc2 Ke7 42. Kb3 Kd7 43. Be1 Kc6 44. Bd2 Be7 45. Be1 Bd8 46. a5 Bc7 47. Bb4 Bd6 48. Bd2 Bc5 49. Be1 Be7 50. Bd2 Bd8 51. Bb4 Kd7 52. Kc2 Be7 53. Bd2 Kc6 54. Kb3 Bd6 55. Be1 b6 56. axb6 Kxb6 57. Ka4 d3 58. Bc3 Be7 59. Kb3 a5 60. Bb2 Bb4 61. Ba1 Kc5 0-1

[Event "Superettan(Skara-Farsta)"]
[Site "?"]
[Date "2025.03.09"]
[Round "9"]
[White "Livner, Anders"]
[Black "Friberg, Hans"]
[Result "1-0"]
[WhiteElo "2291"]
[BlackElo "2142"]
[PlyCount "47"]
[SourceVersionDate "2025.04.04"]

1. Nf3 c5 2. c4 g6 3. d4 cxd4 4. Nxd4 Bg7 5. e4 Nc6 6. Be3 Nf6 7. Nc3 d6 8. Be2 Nxd4 9. Qxd4 O-O 10. Qd2 Bd7 11. O-O Bc6 12. f3 a5 13. b3 Nd7 14. Rab1 f5 15. exf5 gxf5 16. f4 Nf6 17. Rbe1 Ne4 18. Nxe4 Bxe4 19. Bf3 Bc6 20. Bd5+ Kh8 21. Bd4 e5 22. fxe5 Bxd5 23. cxd5 dxe5 24. Bxe5 1-0

[Event "Superettan(Wasa II-Helsingborg)"]
[Site "?"]
[Date "2025.03.09"]
[Round "9"]
[White "Kristensen, Kare Hove"]
[Black "Cramling, Dan"]
[Result "1/2-1/2"]
[WhiteElo "2318"]
[BlackElo "2266"]
[PlyCount "132"]
[EventDate "2025.??.??"]
[SourceVersionDate "2025.04.02"]

1. Nf3 c5 2. c4 g6 3. Nc3 Bg7 4. e3 Nf6 5. d4 O-O 6. Be2 d5 7. O-O cxd4 8. exd4 Nc6 9. Bf4 b6 10. Ne5 Bb7 11. Bf3 Na5 12. b4 Nxc4 13. Nxc4 Rc8 14. Nd6 exd6 15. Nb5 Ba6 16. Qa4 Bxb5 17. Qxb5 Qe8 18. Qa6 Qd7 19. Rac1 Ne4 20. Be3 f5 21. g3 Rc4 22. Rxc4 dxc4 23. Qxc4+ d5 24. Qd3 Rc8 25. Rc1 Rc6 26. Kg2 Rxc1 27. Bxc1 Qc6 28. Be3 b5 29. a3 a6 30. Be2 Qc3 31. Qxc3 Nxc3 32. Bd3 Kf7 33. Kf1 Na4 34. Bc2 Nb6 35. Ke2 Ke6 36. Kd3 Nc4 37. Bc1 Bf8 38. f3 Bd6 39. Kc3 h5 40. a4 h4 41. axb5 axb5 42. gxh4 Bxh2 43. Bd3 Bg3 44. Bg5 Be1+ 45. Kb3 Bd2 46. Bd8 Bh6 47. Kc3 Bg7 48. Bg5 Bf8 49. Be2 Bd6 50. Bd3 Bg3 51. Be2 Kd7 52. Bd3 Be1+ 53. Kb3 Ke6 54. Be2 Kd6 55. Bd3 Bd2 56. Bd8 Kd7 57. Bf6 Bh6 58. Kc3 Bc1 59. Kc2 Be3 60. Kc3 Bd2+ 61. Kb3 Ke6 62. Bd8 Bc1 63. Bc2 Bf4 64. Bd3 Bh6 65. Be2 Bf8 66. Bg5 Bd6 1/2-1/2

[Event "Superettan(Skara-Farsta)"]
[Site "?"]
[Date "2025.03.09"]
[Round "9"]
[White "Jacobson, Erik"]
[Black "Degerman, Lars"]
[Result "0-1"]
[WhiteElo "2129"]
[BlackElo "2425"]
[PlyCount "58"]
[EventDate "2025.??.??"]
[SourceVersionDate "2025.04.04"]

1. e4 c5 2. Nf3 Nc6 3. Nc3 d6 4. d4 cxd4 5. Nxd4 Nf6 6. Bc4 e6 7. Be3 a6 8. Qe2 Qc7 9. O-O-O Na5 10. Bd3 b5 11. a3 Rb8 12. Bg5 Be7 13. f4 Nc4 14. Nf3 Bb7 15. Rhe1 Rc8 16. Bxc4 Qxc4 17. Qxc4 Rxc4 18. Rd4 Rxd4 19. Nxd4 h6 20. Bh4 g5 21. fxg5 hxg5 22. Bxg5 Rxh2 23. Re2 Rh5 24. Bd2 Rh1+ 25. Be1 Nh5 26. Kd1 Bf6 27. Nf3 Bxc3 28. bxc3 Nf4 29. Rf2 Bxe4 0-1

[Event "Superettan(Wasa II-Helsingborg)"]
[Site "?"]
[Date "2025.03.09"]
[Round "9"]
[White "Mustaps, Matiss"]
[Black "Rosell, Tomas"]
[Result "1-0"]
[WhiteElo "2360"]
[BlackElo "2180"]
[PlyCount "61"]
[EventDate "2025.??.??"]
[SourceVersionDate "2025.04.02"]

1. e4 c5 2. Nf3 d6 3. d4 cxd4 4. Nxd4 Nf6 5. Nc3 g6 6. Be3 Bg7 7. f3 Nc6 8. Bc4 O-O 9. Qd2 Bd7 10. Bb3 Qa5 11. O-O-O Rfc8 12. g4 Ne5 13. Kb1 b5 14. h4 Nc4 15. Bxc4 bxc4 16. h5 Rab8 17. Ka1 Qb4 18. Rb1 Rc5 19. hxg6 fxg6 20. g5 Nh5 21. Nf5 Rxf5 22. exf5 Bxf5 23. Bxa7 Rb5 24. Qe3 Rb7 25. Bd4 e5 26. Nd5 Qa4 27. Bc3 Nf4 28. Nxf4 exf4 29. Qd2 Bxc2 30. Qd5+ Rf7 31. Rxh7 1-0

[Event "Superettan(Skara-Farsta)"]
[Site "?"]
[Date "2025.03.09"]
[Round "9"]
[White "Ong, Kezli"]
[Black "Ronneland, Daniel"]
[Result "1-0"]
[WhiteElo "2261"]
[BlackElo "2220"]
[PlyCount "117"]
[SourceVersionDate "2025.04.04"]

1. e4 e5 2. Nf3 Nc6 3. Bb5 a6 4. Ba4 Nf6 5. O-O Be7 6. Re1 b5 7. Bb3 d6 8. c3 O-O 9. h3 Nb8 10. d4 Nbd7 11. Nbd2 Bb7 12. Bc2 Re8 13. Nf1 Bf8 14. Ng3 g6 15. a4 c5 16. d5 c4 17. Bg5 h6 18. Be3 Nc5 19. Qd2 h5 20. Bxc5 dxc5 21. Qe3 Nh7 22. Nf1 Qd6 23. N1d2 Reb8 24. Ra2 Nf6 25. Qg5 Nd7 26. Nf1 Bg7 27. Ne3 Qf6 28. h4 Qf4 29. axb5 Qxg5 30. hxg5 axb5 31. Rea1 Rxa2 32. Rxa2 Ra8 33. Rxa8+ Bxa8 34. g4 hxg4 35. Nxg4 Kf8 36. Kf1 Ke7 37. Ke1 Kd6 38. Bd1 Bb7 39. Nh6 Ke7 40. Be2 Nb6 41. Kd2 Ba6 42. Ng8+ Kd6 43. Nf6 Ke7 44. Nxe5 Bxf6 45. Nc6+ Kd6 46. gxf6 Nd7 47. f4 Nxf6 48. e5+ Kxd5 49. Ne7+ Ke6 50. exf6 Bb7 51. Ng8 Kf5 52. Ke3 g5 53. Nh6+ Kxf6 54. fxg5+ Kg6 55. Bf3 Bxf3 56. Kxf3 f6 57. gxf6 Kxh6 58. Ke4 Kg6 59. Kd5 1-0

[Event "Superettan(Wasa II-Helsingborg)"]
[Site "?"]
[Date "2025.03.09"]
[Round "9"]
[White "Semcesen, Daniel"]
[Black "Bellon Lopez, Juan"]
[Result "1/2-1/2"]
[WhiteElo "2432"]
[BlackElo "2278"]
[PlyCount "259"]
[EventDate "2025.??.??"]
[SourceVersionDate "2025.04.02"]

1. d4 d5 2. c4 e6 3. Nc3 Nf6 4. cxd5 exd5 5. Bg5 c6 6. Qc2 Bd6 7. e3 O-O 8. Bd3 h6 9. Bh4 Re8 10. Nge2 a5 11. h3 Na6 12. a3 Nc7 13. O-O Ne6 14. f3 Ng5 15. Bxg5 hxg5 16. e4 Bb8 17. e5 Nh5 18. f4 Ba7 19. Kh2 gxf4 20. Nxf4 Qg5 21. Nxh5 Qxh5 22. Ne2 Bxd4 23. Nxd4 Qxe5+ 24. Kh1 Qxd4 25. Bh7+ Kh8 26. Rxf7 Qh4 27. Bg6 Be6 28. Rxb7 Rf8 29. Qe2 Rf6 30. Qh5+ Qxh5 31. Bxh5 d4 32. Rd1 Rd8 33. Rd2 c5 34. Rb5 c4 35. Rxa5 d3 36. Bf3 Rf5 37. Rxf5 Bxf5 38. Kg1 Be6 39. Kf2 Rb8 40. Ke3 Bf7 41. Kd4 g5 42. Bc6 Rd8+ 43. Kc5 Rc8 44. Kd6 Rb8 45. a4 Kg7 46. Bb5 Kf6 47. Rf2+ Kg7 48. Kc7 Ra8 49. Bc6 Ra5 50. Bb5 Ra8 51. Bc6 Ra5 52. Kd6 Ra6 53. Kc5 Ra7 54. Kb4 Re7 55. Kc3 Re5 56. Bb5 Be6 57. Rd2 Re1 58. a5 Kf6 59. b3 cxb3 60. Bxd3 Ra1 61. a6 Bc8 62. Rf2+ Kg7 63. Kxb3 Bxa6 64. Be4 Re1 65. Bf3 Re5 66. Kc3 Re7 67. Kd4 Bb7 68. Bxb7 Rxb7 69. Ke4 Kg6 70. Kf3 Rb3+ 71. Kg4 Rb4+ 72. Kg3 Ra4 73. Rf3 Ra2 74. Rb3 Rc2 75. Kf3 Rc6 76. Ra3 Rb6 77. Rc3 Ra6 78. Rd3 Rb6 79. Ra3 Rf6+ 80. Kg4 Rf4+ 81. Kg3 Rf6 82. Kh2 Rb6 83. Kg1 Rf6 84. Rf3 Ra6 85. Kf2 Rb6 86. Rc3 Ra6 87. Ke3 Re6+ 88. Kf3 Rf6+ 89. Ke4 Kh5 90. Rf3 Ra6 91. Re3 Re6+ 92. Kf3 Rxe3+ 93. Kxe3 g4 94. h4 Kxh4 95. Kf4 g3 96. Kf3 Kh5 97. Kf4 Kh4 98. Kf3 Kh5 99. Kxg3 Kg5 100. Kf3 Kf5 101. Kg3 Kg5 102. Kh3 Kh5 103. g3 Kg5 104. Kh2 Kg4 105. Kg2 Kg5 106. Kf3 Kf5 107. Kf2 Kg4 108. Kg2 Kg5 109. Kh3 Kh5 110. g4+ Kg5 111. Kg3 Kg6 112. Kh4 Kh6 113. Kh3 Kg5 114. Kg3 Kg6 115. Kf4 Kf6 116. g5+ Kg6 117. Kg4 Kg7 118. Kh4 Kg6 119. Kg4 Kg7 120. Kf5 Kf7 121. g6+ Kg7 122. Kg5 Kg8 123. Kh6 Kh8 124. Kh5 Kg7 125. Kg5 Kg8 126. Kf6 Kf8 127. Kg5 Kg8 128. Kh6 Kh8 129. g7+ Kg8 130. Kg6 1/2-1/2

[Event "Superettan(Wasa II-Helsingborg)"]
[Site "?"]
[Date "2025.03.09"]
[Round "9"]
[White "Astrom, Goran"]
[Black "Sylvan, Jacob"]
[Result "0-1"]
[WhiteElo "2216"]
[BlackElo "2332"]
[PlyCount "66"]
[EventDate "2025.??.??"]
[SourceVersionDate "2025.04.02"]

1. e4 c5 2. Nf3 e6 3. d4 cxd4 4. Nxd4 Nc6 5. Nc3 Qc7 6. Be3 a6 7. Qd2 Nf6 8. O-O-O Be7 9. f3 b5 10. g4 Nxd4 11. Bxd4 Bb7 12. Kb1 O-O 13. Bd3 b4 14. Ne2 d5 15. e5 Nd7 16. f4 a5 17. Qe3 b3 18. cxb3 a4 19. b4 Bxb4 20. f5 Rfb8 21. Nf4 Nf8 22. Nh5 Ba6 23. Qg5 Ng6 24. fxg6 Bxd3+ 25. Rxd3 hxg6 26. Ng3 Qc4 27. Qe3 Rb7 28. Rc1 Qb5 29. Rc2 Rab8 30. h4 Ba5 31. Ne2 Bd8 32. g5 Qa5 33. Nc1 Bb6 0-1

[Event "Superettan(Skara-Farsta)"]
[Site "?"]
[Date "2025.03.09"]
[Round "9"]
[White "Lindeman, Sven"]
[Black "Danielsson, Fredrik"]
[Result "1/2-1/2"]
[WhiteElo "2172"]
[BlackElo "2103"]
[PlyCount "22"]
[SourceVersionDate "2025.04.04"]

1. e4 c5 2. Nf3 d6 3. d4 cxd4 4. Nxd4 Nf6 5. Nc3 Nc6 6. Bc4 Qb6 7. Ndb5 a6 8. Be3 Qa5 9. Nd4 Ng4 10. Nxc6 bxc6 11. Bd2 Qc5 1/2-1/2

[Event "Superettan(Wasa II-Helsingborg)"]
[Site "?"]
[Date "2025.03.09"]
[Round "9"]
[White "Johansson, Thomas"]
[Black "Karlsson, Mats"]
[Result "1/2-1/2"]
[WhiteElo "2177"]
[BlackElo "2287"]
[PlyCount "56"]
[EventDate "2025.??.??"]
[SourceVersionDate "2025.04.02"]

1. e4 c6 2. Nc3 d5 3. Nf3 dxe4 4. Nxe4 Nf6 5. Qe2 Nxe4 6. Qxe4 Nd7 7. d4 Nf6 8. Qd3 Bg4 9. Be2 e6 10. O-O Be7 11. h3 Bf5 12. Qb3 Qb6 13. Qa4 O-O 14. a3 Ne4 15. Ne5 Rfd8 16. c3 c5 17. Bf3 cxd4 18. cxd4 Rxd4 19. b4 Bf6 20. Ng4 Bxg4 21. hxg4 Nd2 22. Bxd2 Rxd2 23. Rad1 Rd4 24. g3 g6 25. Rxd4 Bxd4 26. Kg2 Rd8 27. Rd1 a6 28. Qc2 e5 1/2-1/2

[Event "Superettan(Skara-Farsta)"]
[Site "?"]
[Date "2025.03.09"]
[Round "9"]
[White "Cederqvist, Niclas"]
[Black "Wisdahl, Peter"]
[Result "1/2-1/2"]
[WhiteElo "1961"]
[BlackElo "1996"]
[PlyCount "23"]
[SourceVersionDate "2025.04.04"]

1. d4 Nf6 2. Nf3 c5 3. e3 e6 4. c4 a6 5. Be2 d5 6. cxd5 Nxd5 7. dxc5 Bxc5 8. a3 O-O 9. b4 Ba7 10. Bb2 Nc6 11. O-O b5 12. Qb3 1/2-1/2

[Event "Superettan(Orgryte-Wasa II)"]
[Site "?"]
[Date "2025.03.08"]
[Round "8"]
[White "Anderzen, Robert"]
[Black "Lilliehook, Victor"]
[Result "0-1"]
[WhiteElo "2073"]
[BlackElo "1944"]
[PlyCount "87"]
[SourceVersionDate "2025.03.30"]

1. d4 d5 2. c4 e6 3. Nc3 Bb4 4. Qa4+ Nc6 5. Nf3 Nf6 6. Bg5 h6 7. Bxf6 Qxf6 8. e3 O-O 9. cxd5 exd5 10. Be2 Bg4 11. O-O Rad8 12. Qb5 Bxc3 13. bxc3 b6 14. c4 dxc4 15. Qxc4 Rd7 16. Rfc1 Na5 17. Qa6 Nc6 18. Qa4 Rd6 19. Rc3 Bd7 20. Bb5 a6 21. Qxa6 Nb4 22. Qa4 Nd5 23. Rcc1 c6 24. Bf1 c5 25. Qb3 Re8 26. Re1 Bf5 27. Bd3 Bg4 28. Ne5 Bh5 29. Nc4 Rdd8 30. dxc5 bxc5 31. Rac1 Qg5 32. Bf1 Rb8 33. Qa3 Nb4 34. Nd6 Re6 35. Qa7 Nc6 36. Qc7 Qd5 37. Nc4 Bf3 38. g3 Rb4 39. a3 Rb3 40. Rc2 Bh1 41. Rd2 Nd4 42. Red1 Nf3+ 43. Kxh1 Nxd2+ 44. Kg1 0-1

[Event "Superettan(Kristineberg-Rock,Sthlm II)"]
[Site "?"]
[Date "2025.03.08"]
[Round "8"]
[White "Gorton, Olof"]
[Black "Bryntze, Stefan"]
[Result "0-1"]
[WhiteElo "1881"]
[BlackElo "2229"]
[PlyCount "66"]
[SourceVersionDate "2025.04.01"]

1. c4 e6 2. e4 c5 3. Nc3 Nc6 4. g3 Be7 5. Bg2 d6 6. Nge2 Bd7 7. d3 Nf6 8. h3 a6 9. Be3 Qc8 10. f4 Rb8 11. a4 O-O 12. O-O d5 13. exd5 exd5 14. cxd5 Nb4 15. g4 Re8 16. f5 Bd6 17. Bf4 Qc7 18. Ne4 Bxf4 19. Nxf6+ gxf6 20. Nxf4 Qe5 21. Qd2 Qd4+ 22. Kh1 Re3 23. Rae1 Rbe8 24. Be4 R8xe4 25. Rxe3 Qxe3 26. Qxe3 Rxe3 27. d4 Nxd5 28. dxc5 Nxf4 29. Rxf4 Rxh3+ 30. Kg2 Rb3 31. Rc4 Rxb2+ 32. Kg3 Ra2 33. Rb4 Bc6 0-1

[Event "Superettan(Schack 08-Skara)"]
[Site "?"]
[Date "2025.03.08"]
[Round "8"]
[White "Ask, Josef"]
[Black "Olsson, Simon"]
[Result "0-1"]
[WhiteElo "2084"]
[BlackElo "2075"]
[PlyCount "138"]
[SourceVersionDate "2025.04.02"]

1. b3 e5 2. Bb2 Nc6 3. e3 Nf6 4. Bb5 Bd6 5. Na3 Na5 6. Nf3 e4 7. Nd4 O-O 8. Nf5 Bc5 9. g4 d5 10. Rg1 Bxf5 11. gxf5 Be7 12. Qc1 Qc8 13. Bc3 Nc6 14. Bxc6 bxc6 15. Qb2 Qxf5 16. O-O-O g6 17. Nb1 Nd7 18. Rg2 Bf6 19. Bxf6 Qxf6 20. Qxf6 Nxf6 21. Nc3 Nd7 22. d3 exd3 23. Rxd3 Nc5 24. Rd4 Rfe8 25. Kb2 Rab8 26. Ne2 a6 27. Rh4 Ne6 28. Ra4 Rb6 29. Ra5 Kf8 30. Rg4 Ra8 31. Rga4 Nd8 32. Ra3 Nb7 33. R5a4 Nd6 34. Nf4 Nb5 35. Nd3 Nxa3 36. Kxa3 a5 37. c3 Rb5 38. Ne5 Ra6 39. Rf4 f5 40. h4 Ke7 41. Ka4 Rb8 42. Nd3 Kd6 43. h5 Re8 44. Rf3 Re4+ 45. Ka3 Rg4 46. hxg6 hxg6 47. Rh3 c5 48. Rh6 c4 49. Nf4 Ke5 50. Rh7 Rc6 51. Re7+ Kd6 52. Re8 cxb3 53. Kxb3 Rxf4 54. exf4 Rc4 55. Rg8 a4+ 56. Kb2 Rxf4 57. Rxg6+ Kc5 58. Ka3 Rxf2 59. Ra6 Kb5 60. Ra7 c5 61. Ra8 f4 62. Rf8 Kc4 63. Rf5 f3 64. Rf4+ Kxc3 65. Kxa4 Rxa2+ 66. Kb5 f2 67. Kxc5 Rd2 68. Rf3+ Kc2 69. Kb4 Kd1 0-1

[Event "Superettan(Orgryte-Wasa II)"]
[Site "?"]
[Date "2025.03.08"]
[Round "8"]
[White "Gunnare, William"]
[Black "Kleimark, Anders"]
[Result "1/2-1/2"]
[WhiteElo "1901"]
[BlackElo "1961"]
[PlyCount "194"]
[SourceVersionDate "2025.03.30"]

1. d4 Nf6 2. c4 e6 3. Nf3 c6 4. g3 d5 5. Bg2 Nbd7 6. Qc2 dxc4 7. Qxc4 Be7 8. O-O O-O 9. Rd1 a5 10. Qc2 Nb6 11. e4 Bd7 12. Bf4 Rc8 13. Nc3 c5 14. d5 exd5 15. exd5 Re8 16. Ne5 Bd6 17. Nxd7 Qxd7 18. Bxd6 Qxd6 19. Rd3 Re7 20. Rad1 Rce8 21. h3 c4 22. R3d2 Qc5 23. Kh2 h5 24. Rd4 Rd8 25. Qf5 Qd6 26. Ne4 Nxe4 27. Bxe4 g6 28. Qg5 Rde8 29. Bf3 Re5 30. Qd2 Qf6 31. Rf4 Rf5 32. Rxf5 Qxf5 33. Kg2 Nd7 34. d6 Ne5 35. Bxb7 Nd3 36. b3 Rd8 37. bxc4 Rxd6 38. Bd5 Ne5 39. Qe2 Kg7 40. Re1 Nd3 41. Rd1 Nb4 42. Bf3 Re6 43. Qd2 Rf6 44. Bb7 h4 45. g4 Qc5 46. a3 Nc6 47. Bxc6 Qxc6+ 48. Qd5 Qb6 49. Qd4 Qc6+ 50. Qd5 Qb6 51. c5 Qb5 52. Qd4 Qc6+ 53. Qd5 Qb5 54. Qd4 Qc6+ 55. Kg1 Kh7 56. g5 Re6 57. Qxh4+ Kg7 58. Qd4+ Kh7 59. Qh4+ Kg7 60. Qh6+ Kg8 61. Rd8+ Re8 62. Rxe8+ Qxe8 63. Qh4 Qb5 64. Qd4 Qb1+ 65. Kh2 Qc2 66. Qe3 a4 67. Qd4 Kh7 68. Qf6 Qxc5 69. Qxf7+ Kh8 70. Qe8+ Kg7 71. Qe3 Qc7+ 72. Kg2 Qc6+ 73. Qf3 Qc5 74. Qe3 Qc6+ 75. Qf3 Qc5 76. Qf6+ Kh7 77. Qf7+ Kh8 78. Qe8+ Kg7 79. Qxa4 Qxg5+ 80. Qg4 Qd5+ 81. Qf3 Qg5+ 82. Qg3 Qd5+ 83. Kh2 Qa5 84. Qe3 Qc7+ 85. f4 Qc6 86. Kg3 Qc2 87. Qd4+ Kh7 88. a4 Qb3+ 89. Kh4 Qe6 90. Qe5 Qb6 91. Qe7+ Kh6 92. Qf8+ Kh7 93. Qe7+ Kh6 94. Qg5+ Kh7 95. Qg3 Qf6+ 96. Qg5 Qb6 97. Qe7+ Kh6 1/2-1/2

[Event "Superettan(Kristineberg-Rock,Sthlm II)"]
[Site "?"]
[Date "2025.03.08"]
[Round "8"]
[White "Eriksson, Dan"]
[Black "Mobarak, Mohamed"]
[Result "1-0"]
[WhiteElo "1892"]
[BlackElo "2202"]
[PlyCount "101"]
[SourceVersionDate "2025.04.01"]

1. e4 d6 2. d4 Nf6 3. Nc3 g6 4. Be3 c6 5. Qd2 Nbd7 6. O-O-O Qa5 7. Kb1 b5 8. Bd3 Nb6 9. Nd5 Qxd2 10. Nxf6+ exf6 11. Bxd2 Bd7 12. Nf3 Be7 13. Rhe1 O-O 14. e5 fxe5 15. dxe5 d5 16. h3 Rfe8 17. Bh6 Bf8 18. Bxf8 Kxf8 19. Ng5 Kg7 20. f4 f6 21. exf6+ Kxf6 22. Nxh7+ Kg7 23. Ng5 Rxe1 24. Rxe1 Re8 25. Rxe8 Bxe8 26. Kc1 Kf6 27. Nf3 Nd7 28. b4 Nf8 29. Nd4 g5 30. fxg5+ Kxg5 31. Kd2 Kh4 32. Nf5+ Kg5 33. Ke3 Ne6 34. Nd4 Ng7 35. Nf3+ Kf6 36. g4 Ne6 37. Nd4 Ng7 38. Kf4 Bd7 39. h4 a6 40. h5 Kf7 41. h6 Ne8 42. g5 Nd6 43. Bh7 Ne8 44. g6+ Kf6 45. g7 Nxg7 46. hxg7 Kxg7 47. Bf5 Be8 48. Ke5 Kf8 49. Kd6 c5 50. Kxc5 Ke7 51. Bc8 1-0

[Event "Superettan(Schack 08-Skara)"]
[Site "?"]
[Date "2025.03.08"]
[Round "8"]
[White "Cederqvist, Niclas"]
[Black "Bjorkeroth, Johan"]
[Result "0-1"]
[WhiteElo "1961"]
[BlackElo "2095"]
[PlyCount "69"]
[SourceVersionDate "2025.04.02"]

1. d4 Nf6 2. Nf3 e6 3. Bg5 d5 4. e3 c5 5. c3 Nc6 6. Bd3 Bd6 7. O-O Qc7 8. dxc5 Bxc5 9. Nbd2 Ng4 10. c4 Bd6 11. h3 h5 12. cxd5 exd5 13. Nd4 Nxd4 14. exd4 Bh2+ 15. Kh1 Bf4 16. Qe2+ Kf8 17. Rac1 Qd6 18. Bxf4 Qxf4 19. g3 Qh6 20. Rc7 Be6 21. Bf5 Re8 22. Bxe6 Rxe6 23. Qf3 Nf6 24. Rc8+ Re8 25. Rxe8+ Nxe8 26. Qa3+ Kg8 27. Nf3 h4 28. g4 Qf4 29. Kg2 Rh6 30. Re1 Nd6 31. Re5 Rf6 32. Rxd5 Ne4 33. Qd3 g6 34. Re5 Nxf2 35. Re8+ 0-1

[Event "Superettan(Kristineberg-Rock,Sthlm II)"]
[Site "?"]
[Date "2025.03.08"]
[Round "8"]
[White "Rorlien, Marcus"]
[Black "Jonsson, Filip"]
[Result "0-1"]
[WhiteElo "1837"]
[BlackElo "2080"]
[PlyCount "101"]
[SourceVersionDate "2025.04.01"]

1. d4 d5 2. Nf3 Nf6 3. g3 c5 4. Bg2 cxd4 5. Nxd4 e5 6. Nb3 a5 7. Bg5 a4 8. Nc1 Be6 9. O-O Be7 10. c4 dxc4 11. Qxd8+ Bxd8 12. Bxb7 Ra7 13. Bg2 Nbd7 14. Nc3 O-O 15. Be3 Bb6 16. Bxb6 Nxb6 17. a3 Rb8 18. N1a2 Nc8 19. Rfd1 Ne7 20. Nb4 g6 21. Rd2 Kg7 22. Rad1 h5 23. Bc6 Rxb4 24. axb4 Nxc6 25. b5 Nd4 26. b6 Rb7 27. Nxa4 Ne4 28. Rxd4 exd4 29. Rxd4 Nf6 30. Rd6 Nd7 31. e4 Kf8 32. f4 Ke7 33. e5 f6 34. Kf2 fxe5 35. fxe5 Bf5 36. Ke3 Nxe5 37. Rd4 Nd7 38. Rxc4 Nxb6 39. Nxb6 Rxb6 40. h4 Rxb2 41. Rc3 Kf6 42. Kf4 Rb4+ 43. Kf3 Be6 44. Rc5 Rd4 45. Rc3 Ke5 46. Ke3 Ra4 47. Rc5+ Bd5 48. Rc3 Rb4 49. Kf2 Rb2+ 50. Kg1 Rb3 51. Rxb3 0-1

[Event "Superettan(Schack 08-Skara)"]
[Site "?"]
[Date "2025.03.08"]
[Round "8"]
[White "Lofgren, Vide"]
[Black "Dahlstrom, Rickard"]
[Result "0-1"]
[WhiteElo "1928"]
[BlackElo "1957"]
[PlyCount "62"]
[SourceVersionDate "2025.04.02"]

1. d4 d5 2. Bg5 c6 3. e3 Nd7 4. Nf3 Ngf6 5. Bd3 g6 6. Nbd2 Bg7 7. c3 O-O 8. Qc2 Re8 9. O-O-O c5 10. h4 Qa5 11. Qb1 b5 12. Bxf6 exf6 13. Nb3 Qb6 14. dxc5 Nxc5 15. Nxc5 Qxc5 16. Nd4 b4 17. Qc2 Bg4 18. f3 Bd7 19. cxb4 Qxb4 20. Qd2 Qb6 21. h5 Rab8 22. hxg6 hxg6 23. Rde1 f5 24. Nb3 Rec8+ 25. Kb1 a5 26. Re2 a4 27. Nd4 f4 28. Rh4 fxe3 29. Qxe3 Re8 30. Qd2 Bxd4 31. Bxg6 Qxg6+ 0-1

[Event "Superettan(Farsta-Lulea)"]
[Site "?"]
[Date "2025.03.08"]
[Round "8"]
[White "Ivanisevic, Ivan"]
[Black "Ong, Kezli"]
[Result "1-0"]
[WhiteElo "2540"]
[BlackElo "2261"]
[PlyCount "69"]
[SourceVersionDate "2025.03.30"]

1. d4 Nf6 2. c4 e6 3. Nc3 Bb4 4. Nf3 b6 5. Bd2 Bb7 6. g3 O-O 7. Bg2 c5 8. d5 exd5 9. Nh4 Ne4 10. cxd5 Nxd2 11. Qxd2 f5 12. O-O d6 13. Qc2 Bxc3 14. bxc3 Qf6 15. f4 Na6 16. e4 fxe4 17. Bxe4 g6 18. Nf3 c4 19. f5 gxf5 20. Nd4 Nc7 21. Rxf5 Qh6 22. Raf1 Qe3+ 23. Qf2 Qxf2+ 24. R1xf2 Rxf5 25. Nxf5 Nb5 26. Nh6+ Kg7 27. Rf7+ Kxh6 28. h4 Rh8 29. Rxb7 Nxc3 30. Bf5 Nxd5 31. Kf2 c3 32. g4 Nb4 33. Kg3 Nxa2 34. g5+ Kh5 35. Rg7 1-0

[Event "Superettan(Helsingborg-Vasteras)"]
[Site "?"]
[Date "2025.03.08"]
[Round "8"]
[White "Akesson, Ralf"]
[Black "Kristensen, Kare Hove"]
[Result "1-0"]
[WhiteElo "2336"]
[BlackElo "2266"]
[PlyCount "121"]
[EventDate "2025.??.??"]
[SourceVersionDate "2025.04.01"]

1. Nf3 c5 2. c4 Nf6 3. Nc3 Nc6 4. d4 cxd4 5. Nxd4 e6 6. a3 d5 7. cxd5 Nxd5 8. Nxc6 bxc6 9. Bd2 Be7 10. e4 Nb6 11. e5 Qd4 12. Qe2 Nd7 13. f4 Qb6 14. Be3 Qb3 15. Rc1 O-O 16. Qc2 Qxc2 17. Rxc2 Bb7 18. Bd3 c5 19. Be4 Rab8 20. Kf2 Nb6 21. Rd1 Ba6 22. b3 h6 23. g3 Rfd8 24. Rxd8+ Rxd8 25. Rd2 Rb8 26. Ke1 Bb7 27. Ke2 Kf8 28. Bxb7 Rxb7 29. Ne4 Nd7 30. Rd3 Ke8 31. Kd1 a5 32. Rc3 a4 33. bxa4 Ra7 34. Nxc5 Bxc5 35. Bxc5 Rxa4 36. Bb4 Nb6 37. Kc2 Nd5 38. Rc8+ Kd7 39. Rg8 g6 40. Kb3 Ra7 41. Rf8 Kc6 42. Rb8 h5 43. a4 h4 44. a5 h3 45. Bd2 Rb7+ 46. Rxb7 Kxb7 47. Kc4 Ne7 48. g4 Ng8 49. f5 exf5 50. gxf5 gxf5 51. Bg5 Ka6 52. Kd5 f4 53. Ke4 Kxa5 54. Kxf4 Kb6 55. Kf5 Kc6 56. e6 f6 57. Bxf6 Kd6 58. Bg5 Ne7+ 59. Kf6 Nc8 60. Bf4+ Kc6 61. Kf7 1-0

[Event "Superettan(Farsta-Lulea)"]
[Site "?"]
[Date "2025.03.08"]
[Round "8"]
[White "Degerman, Lars"]
[Black "Hovhannisyan, Hrayr"]
[Result "1/2-1/2"]
[WhiteElo "2425"]
[BlackElo "2238"]
[PlyCount "56"]
[SourceVersionDate "2025.03.30"]

1. c4 c5 2. g3 Nc6 3. Bg2 g6 4. Nc3 Bg7 5. Nf3 d6 6. O-O e6 7. e3 Nge7 8. d4 cxd4 9. Nxd4 O-O 10. Ndb5 Nf5 11. g4 Nh4 12. Qxd6 Nxg2 13. Kxg2 a6 14. Qxd8 Rxd8 15. Na3 Bxc3 16. bxc3 e5 17. h3 f5 18. f3 Be6 19. Rb1 Na5 20. Rf2 Rac8 21. Rd2 Rxd2+ 22. Bxd2 Bxc4 23. Nxc4 Nxc4 24. Bc1 b5 25. a4 bxa4 26. Rb4 a3 27. Ra4 a5 28. gxf5 gxf5 1/2-1/2

[Event "Superettan(Helsingborg-Vasteras)"]
[Site "?"]
[Date "2025.03.08"]
[Round "8"]
[White "Semcesen, Daniel"]
[Black "Carlsson, Ludvig"]
[Result "1/2-1/2"]
[WhiteElo "2432"]
[BlackElo "2352"]
[PlyCount "36"]
[EventDate "2025.??.??"]
[SourceVersionDate "2025.04.01"]

1. d4 d5 2. c4 e6 3. Nc3 Be7 4. cxd5 exd5 5. Bf4 c6 6. e3 Bf5 7. Bd3 Bxd3 8. Qxd3 Nf6 9. Nf3 Nbd7 10. O-O Nh5 11. Bg3 Nxg3 12. hxg3 O-O 13. Rab1 a5 14. Rfc1 Bd6 15. a3 Qe7 16. e4 dxe4 17. Nxe4 Nf6 18. Re1 Rfe8 1/2-1/2

[Event "Superettan(Farsta-Lulea)"]
[Site "?"]
[Date "2025.03.08"]
[Round "8"]
[White "Ernst, Thomas"]
[Black "Livner, Anders"]
[Result "1/2-1/2"]
[WhiteElo "2270"]
[BlackElo "2291"]
[PlyCount "59"]
[SourceVersionDate "2025.03.30"]

1. e4 c6 2. d4 d5 3. Nd2 dxe4 4. Nxe4 Nf6 5. Nxf6+ exf6 6. c3 Bd6 7. Bd3 Na6 8. Ne2 Nc7 9. Bf4 Nd5 10. Bxd6 Qxd6 11. Qc2 h5 12. O-O-O h4 13. g3 Kf8 14. Rde1 h3 15. Kb1 g6 16. Nc1 Kg7 17. Nb3 b6 18. Nd2 Qc7 19. Nc4 Ba6 20. Ne3 Bxd3 21. Qxd3 Ne7 22. Re2 Rad8 23. Rhe1 Rd7 24. Ng4 Rh5 25. Qf3 Rf5 26. Qe3 Rg5 27. Qf3 Rf5 28. Qe3 Rg5 29. Qf3 Rf5 30. Qe3 1/2-1/2